10 Megaciudades más Cercanas a Nueva York - Estadísticas

Estadísticas generales
  • Esta prueba ha sido intentada 1.285 veces
  • La puntuación promedio es 8 de 10
Estadísticas de respuestas
km Ciudad millas % Correcto
3358 Ciudad de México 2087
91%
5586 Londres 3471
88%
3945 Los Ángeles 2451
88%
5853 París 3637
85%
8486 Buenos Aires 5273
78%
7731 Río de Janeiro 4804
77%
7657 São Paulo 4758
77%
7530 Moscú 4679
66%
5850 Lima 3635
62%
8089 Estambul 5026
41%
No se encontraron pruebas coincidentes
Distribución de puntuación
Porcentaje de gente con cada puntuación
Porcentaje por número respondido
Historial de tus puntuaciones
No has intentado esta prueba.